000 00375pab a2200145 454500
008 180718b1984 xxu||||| |||| 00| 0 eng d
100 _aBalakrishnan, S.
245 _aLead Bank Scheme problems and prospects
260 _c1984
300 _a144-50
362 _aJuly-Sept.
650 _aBanks - India
773 _aJournal of the Indian Institute of Bankers
909 _a4292
999 _c4292
_d4292